| 000 | 01172nam a2200301 i 4500 | ||
|---|---|---|---|
| 003 | EG-GICUC | ||
| 005 | 20260227032632.0 | ||
| 008 | 260227s1972 ua ||||fr|||| 000 0 ara d | ||
| 040 |
_a EG-GICUC _bara _c EG-GICUC _d EG-GICUC _erda |
||
| 041 | 0 | _aara | |
| 082 | 0 | 4 |
_221 _a341,81 _bع ب . أ |
| 092 | 0 | 4 | _221 |
| 099 | _aLaw1 11 1972 341.81 ع ب . أ | ||
| 100 | 0 |
_aعبدالحميد بدوى ، _eمؤلف. |
|
| 245 | 1 | 2 |
_aالأجانب فى مصر الجنسية المصرية الطوائف الدينية في مصر : _bثلاث محاضرات / _cتأليف حضرة صاحب المعالى الدكتور عبدالحميد بدوى باشا . |
| 264 | 1 |
_aمصر : _bمكتبة عبدالله وهبة ، _c1972 . |
|
| 300 |
_a134 ؛ صفحة _c24 سم |
||
| 336 |
_2rda content _atext |
||
| 337 |
_2rda media _aComputer |
||
| 338 |
_2rda carrier _aOnline Resource |
||
| 546 | _aالنص باللغة العربية | ||
| 650 | 1 | 4 |
_aالجنسية -- قانون دولي _2qrmak |
| 651 | 1 | _2qrmak | |
| 700 | 0 |
_aفؤاد كرم ، _eمحرر. |
|
| 856 | 4 | 0 | _uhttps://fll.law.cu.edu.eg/fulltext/bks/B12-00042.pdf |
| 905 | _a76 | ||
| 942 |
_2ddc _cBK _e21 _n0 |
||
| 999 |
_c64286 _d64286 |
||